00771nam a2200217Ia 4500003000900000008004100009020001800050040001600068080001800084245011400102260004200216300001600258650004100274650002700315650001800342650001400360700003500374942000700409999001500416952012200431IN-BaIIA211028s9999 xx 000 0 eng d a90-277-1860-1 cIIA Library a523.92bSTU-1 0aPhysics of the Sunbvol. 1, the solar interiorcedited by Peter A Sturrock  aDordrechtbD. Reidel Publishingc1986 aviii, 257p. aAstronomy and astrophysics thesaurus aSolar - interior98516 aSolar physics aSun91200 aSturrock, Peter A., ed.911889 cBK c8698d8698 00104070aBANbBANcGENd1986-06-05g612.00l0o523.92/ STU-1p9573r2025-03-26v612.00w1986-06-05yBKGRs. 612.00